00337nam a2200121Ia 45000030006000000080041000060400015000471000051000622450040001132600033001535460012001860050017001980STCL150530s9999 xx 000 0 und d aSTCLcSTCL aShakespeare; Lahiri, J.; Sastri, P.S.; Editors aShakespeare: Mid summer night dream bLakshmi Narain Agarwalc1960 aEnglish20220125170951.0